Cartas morales escritas por el Cura Rector de la Parroquia del Salvador: Valparaíso, enero de 1886. El producto de la obra está destinado al sostenimiento de la Olla del Pobre de la misma Parroquia, y a la Escuela Mista de Santa Ana

Salvato in:
Dettagli Bibliografici
Autore principale: Martín y Manero, Vicente (autor)
Natura: Libro
Lingua:spagnolo
Pubblicazione: Valparaíso Imprenta Excelsior, calle Serrano, 11 1886
Edizione:1a. ed
Soggetti:
Tags: Aggiungi Tag
Nessun Tag, puoi essere il primo ad aggiungerne!!

MARC

LEADER 00000nam a2200000 a 4500
001 UCJ4989
003 CL-VaPUC
008 070124e18860112CL |||||||||||||||||spa|d
082 0 4 |a 248  |b MAR  |2 21 
100 |a Martín y Manero, Vicente  |e autor  |9 509617 
245 1 0 |a Cartas morales escritas por el Cura Rector de la Parroquia del Salvador: Valparaíso, enero de 1886. El producto de la obra está destinado al sostenimiento de la Olla del Pobre de la misma Parroquia, y a la Escuela Mista de Santa Ana 
250 |a 1a. ed 
300 |a 220 p 
942 |c BK 
945 |d 20070124 00:00:00  |a rinostro 
260 |a Valparaíso  |b Imprenta Excelsior, calle Serrano, 11  |c 1886 
600 0 7 |a LYON, ARTURO  |2 CL-VaPUC  |9 405222 
600 0 7 |a DONOSO, SALVADOR  |2 CL-VaPUC  |9 507457 
650 0 |a Ética  |9 255099 
650 7 |a MORAL CATOLICA  |2 CL-VaPUC  |9 480577 
650 0 |a Educación  |9 258661 
650 0 |a Beneficencia  |9 255180 
650 0 |a Historia de Chile  |9 265473 
583 |a last modification  |c 20070124 00:00:00  |k Rodrigo Vera 
999 |c 321103  |d 321101 
952 |0 0  |1 0  |4 0  |6 248_000000000000000_MAR_1886  |7 0  |8 X  |9 399769  |a FDOBUD  |b FDOBUD  |d 2019-11-22  |i 1028669  |o 248 MAR 1886  |p 1028669  |r 2019-11-22  |w 2019-11-22  |y BK_X  |k BUD